| 000 | 00473nab a2200145Ia 4500 | ||
|---|---|---|---|
| 003 | ES-SlBCS | ||
| 005 | 20210601124314.0 | ||
| 008 | 140529s1984 xxu||||| |||| 00| 0 eng d | ||
| 041 | _aeng | ||
| 100 | 1 |
_aVarga, Kurt _9139432 |
|
| 245 | 0 | 0 |
_aCultural Pluralism and Human Liberty: A Review of Cultural Pluralism in Education _c Kurt Varga |
| 650 | 0 | 4 |
_aPluralismo Cultural _9120688 |
| 773 | 0 |
_tEducational Theory _gvol. 34, nº. 4, 1984, págs. 389-396 _wRev1399 |
|
| 942 | _cAR | ||
| 999 |
_c512639 _d512639 |
||